Staroegyptské pamiatky

Bibliographic Details
Format: Book
Language:Undetermined
PhysicalDescription:15 s.
Published: Martin Slovenské národné múzeum 1972
Edition:1. vyd.

MARC

LEADER 00000nam a2200000 a 4500
001 vtls001463615
003 SK-MaSNL
005 20260223133207.0
008 240124s1972 xo 0 und
035 |a SNK000418920 
040 |a SNK  |b slo  |c SNK  |e AACR2 
044 |a xo  |c SK 
245 1 |a Staroegyptské pamiatky 
250 |a 1. vyd. 
260 |a Martin  |b Slovenské národné múzeum  |c 1972 
300 |a 15 s. 
958 |a OND 
999 |c 558151  |d 560081 
952 |t P60, <04>, [BOOK], {604}  |a SNK  |b SNK  |y VYP  |7 0  |p 17A0406441  |o snkOSC 2796 D1  |i snkKSP 3683/72  |0 0  |1 0  |4 0  |d 2003-11-21  |l 0  |r 2005-01-02 00:00:00  |w 2026-02-23